000 00552nam a2200181 i 4500
001 bg
100 1 _aBULIŃSKI, Michał
245 1 0 _aUrządzenia rozgłaszania przewodowego :
_bradiowęzłowe sieci sterujące /
_cMichał Buliński.
260 _aWarszawa :
_bWydawnictwa Komunikacji i Łączności,
_c1965.
490 1 _aBiblioteka Telemontera
650 9 _aRadiokomunikacja
_aurządzenia
830 _aBiblioteka Telemontera
040 _cBPK
041 0 _apol
080 _a621.396
942 _cKS
008 s pl f |000 0 pol
999 _c35581
_d35581
856 _uhttp://koha.tu.koszalin.pl/cgi-bin/koha/opac-detail.pl?biblionumber=35581
_yKatalog online BPK